书目信息 |
| 题名: |
青年工作手册
|
|
| 作者: | ;中国青年出版社 编 | |
| 分册: | ||
| 出版信息: | 北京 中国青年出版社 1982.8 |
|
| 页数: | 620页 | |
| 开本: | 20cm | |
| 丛书名: | ||
| 单 册: | ||
| 中图分类: | D432.6-62 | |
| 科图分类: | ||
| 主题词: | 青年工作--中国--手册 | |
| 电子资源: | ||
| ISBN: | ||
| 000 | 00634nam0 2200217 45 | |
| 001 | 0309290801 | |
| 005 | 20050427092428.1 | |
| 010 | @dCNY1.50 | |
| 091 | @a7009.281 | |
| 100 | @a20030929d1982 km y0chiy0120 ea | |
| 101 | 0 | @achi |
| 105 | @a z 000yy | |
| 200 | 1 | @a青年工作手册@AQing Nian Gong Zuo Shou Ce@f中国青年出版社编@FZhong Guo Qing Nian Chu Ban She Bian |
| 210 | @a北京@c中国青年出版社@d1982.8 | |
| 215 | @a620页@d20cm | |
| 300 | @a附录:中国少数民族简表 | |
| 606 | 0 | @a青年工作@x中国@x手册 |
| 690 | @aD432.6-62@v3 | |
| 711 | 02 | @a中国青年出版社@4编 |
| 801 | @aCN@bTSTC@c20030929 | |
| 905 | @dD432.6-62@e47@f2@b77383-384 | |
| 青年工作手册/中国青年出版社编.-北京:中国青年出版社,1982.8 |
| 620页;20cm |
| 附录:中国少数民族简表 |
| ISBN :CNY1.50 |
| ● |
| 相关链接 |
|
|
|
|
正题名:青年工作手册
索取号:D432.6-62/47
 
预约/预借
| 序号 | 登录号 | 条形码 | 馆藏地/架位号 | 状态 | 备注 |
| 1 | 0077382 | 202392357 | 第一样本阅览室/ [索取号:D432.6-62/47] | 在馆 | |
| 2 | 0077383 | 001692868 | 密集书库/ [索取号:D432.6-62/47] | 在馆 | |
| 3 | 0077384 | 001692859 | 密集书库/ [索取号:D432.6-62/47] | 在馆 | |
| 4 | 0077385 | 001709805 | 密集书库/ [索取号:D432.6-62/47] | 在馆 |